Filosofía y Letras : Revista de la Facultad de Filosofía y Letras de la Universidad Nacional Autónoma de México : tomo VIII, núm. 16, octubre-diciembre 1944 /

שמור ב:
מידע ביבליוגרפי
מחברים אחרים: García Máynez, Eduardo (dirección) (dirección)
פורמט: ספר
שפה:ספרדית
יצא לאור: México : Imprenta Universitaria, 1944
תגים: הוספת תג
אין תגיות, היה/י הראשונ/ה לתייג את הרשומה!

MARC

LEADER 00000nam^a2200000^a^4500
001 000613214
005 20250521000000.0
009 20260310133617.419
037 |a Acervo Xavier Clavigero 
041 |a ESP 
091 |a FDU. 01067 
240 1 1 |a [Filosofía y Letras] 
240 1 1 |a [Revista de la Facultad de Filosofía y Letras de la Universidad Nacional Autónoma de México] 
245 0 0 |a Filosofía y Letras :  |b Revista de la Facultad de Filosofía y Letras de la Universidad Nacional Autónoma de México : tomo VIII, núm. 16, octubre-diciembre 1944 / 
264 1 |a México :  |b Imprenta Universitaria,  |c 1944 
300 |a p. 121-262 
336 |a texto  |b txt  |2 rdacontenido 
337 |a sin mediación  |b n  |2 rdamedio 
338 |a volumen  |b nc  |2 rdasoporte 
649 |a XX 
700 |a García Máynez, Eduardo  |e (dirección) 
910 |a Fondo Víctor Raúl Durana Valerio S.J. 
920 |a Impresos - Libros 
930 |a Fondos Especiales 
905 |a 116 
901 |a 613214-10  |b IT2  |c ESP  |i D3527  |u 20250521 
902 |a https://opac.biblio.iteso.mx/vufind/Record/000613214